Central Library OPAC University of Rajshahi

بزم صوفیىہ : جس مىں تىمورى عہد سے پہلے کے صاحب تصنىف اکابر بزم صوفیىہ کے حالات و تعلىمات اور ارشادات کى تقصیىل، ان کے ملفوظات اور تصنیفات کى روشنى مىیی بیىان کى گئى / Bazm-ị Ṣūfīyah : jis men̲ Taimūrī ʻahd se pahle ke ṣāhib-i tạsnīf akābir-i Ṣūfīyah ke ḥālāt va taʻlīmāt aur irshādāt kī tafṣīl, un ke malfūz̤āt aur taṣnīfāt kī raushnī men̲ bayān kī ga'ī hai / (Record no. 85640)

MARC details
000 -LEADER
fixed length control field 01203nam a2200205 4500
001 - CONTROL NUMBER
control field 85640
003 - CONTROL NUMBER IDENTIFIER
rucl marc code BD-RjUL
005 - DATE AND TIME OF LATEST TRANSACTION
control field 20250904113246.0
008 - FIXED-LENGTH DATA ELEMENTS--GENERAL INFORMATION
fixed length control field 250904s1954 pk ||||| |||| 00| 0 urd d
035 ## - SYSTEM CONTROL NUMBER
System control number (BD-RjUL)85640
040 ## - CATALOGING SOURCE
Original cataloging agency BD-RjUL
Language of cataloging eng
Transcribing agency BD-RjUL
041 ## - LANGUAGE CODE
Language code of text/sound track or separate title urd
082 ## - DEWEY DECIMAL CLASSIFICATION NUMBER
Edition number 23
Classification number 297.409254
Author mark and year ABB 1954
100 ## - MAIN ENTRY--PERSONAL NAME
Personal name عبدالرحمن، صباح الدین ;; Abdul Rahman, Sabahuddin
9 (RLIN) 16774
245 ## - TITLE STATEMENT
Title بزم صوفیىہ : جس مىں تىمورى عہد سے پہلے کے صاحب تصنىف اکابر بزم صوفیىہ کے حالات و تعلىمات اور ارشادات کى تقصیىل، ان کے ملفوظات اور تصنیفات کى روشنى مىیی بیىان کى گئى / Bazm-ị Ṣūfīyah : jis men̲ Taimūrī ʻahd se pahle ke ṣāhib-i tạsnīf akābir-i Ṣūfīyah ke ḥālāt va taʻlīmāt aur irshādāt kī tafṣīl, un ke malfūz̤āt aur taṣnīfāt kī raushnī men̲ bayān kī ga'ī hai /
Statement of responsibility, etc. سید صباح الدین عبدالرحمن ;; Syed Sabahuddin Abdul Rahman
260 ## - PUBLICATION, DISTRIBUTION, ETC. (IMPRINT)
Place of publication, distribution, etc. اعظم گرہ :
Name of publisher, distributor, etc. دار المصنف
Date of publication, distribution, etc. 1954
300 ## - PHYSICAL DESCRIPTION
Pagination 520 p.;
Size 23 cm
650 ## - SUBJECT ADDED ENTRY--TOPICAL TERM
Topical term or geographic name as entry element Sufism
Form subdivision Biography
Geographic subdivision South Asia
9 (RLIN) 16775
942 ## - ADDED ENTRY ELEMENTS (KOHA)
Source of classification or shelving scheme Dewey Decimal Classification
Koha item type Books
Holdings
Lost status Source of classification or shelving scheme Damaged status Not for loan Collection code Permanent Location Current Location Shelving location Date acquired Full call number Date last seen Copy number Koha item type
  Dewey Decimal Classification   Not For Loan Non-fiction Central Library, University of Rajshahi Central Library, University of Rajshahi Reading Room 04/09/2025 U 297.409254 ABB 1954 04/09/2025 C-1 Books